000 01028nac a22002531u 4500
008 101103t xxu||||| |||| 00| 0 eng d
010 _a 92006638
020 _a007111212X
020 _a9780072875577
020 _a0072884614 (CD-ROM)
082 0 0 _a330
_bMCC
100 _aMcConnell, Campbell R.
_920898
245 1 0 _aEconomics :
_bPrinciples, Problems, and Policies /
_cCampbell R. McConnell, Stanley R. Brue.
250 _a16th ed.
260 _aNew York :
_bMcGraw-Hill,2005
_c2005
300 _a1 v. (various pagings) :
_bcol. ill. ;
_c26 cm.
504 _aIncludes bibliographical references and index.
511 _acatalogued by: wessam
650 0 _aEconomics.
_920899
700 1 _aBrue, Stanley L.,
_d1945-
_920900
942 _cBB
_k330 MCC
_2ddc
999 _c8798
_d8798